[Event "Hannover Region-ch"]
[Site "Hannover"]
[Date "2009.02.07"]
[Round "3"]
[White "Parvin, Shahram"]
[Black "Goehner, Matthias"]
[Result "1-0"]
[WhiteElo "1417"]
[BlackElo "1122"]
[PlyCount "165"]
[EventDate "2009.01.10"]
[EventType "swiss"]
[EventRounds "7"]
[EventCountry "GER"]
[SourceTitle "EXT 2021"]
[Source "ChessBase"]
[SourceDate "2020.10.23"]
[SourceVersion "1"]
[SourceVersionDate "2020.10.23"]
[SourceQuality "1"]

1. d4 Nf6 2. c4 b6 3. Nc3 Nc6 4. d5 Ne5 5. e4 Ba6 6. b3 e6 7. Bf4 Ng6 8. Bg5 h6 9. Bc1 Bb4 10. Bd2 exd5 11. exd5 Qe7+ 12. Qe2 Qxe2+ 13. Bxe2 Nf4 14. Bf3 Nd3+ 15. Ke2 Ne5 16. Re1 0-0 17. Kd1 Neg4 18. Nh3 Rfe8 19. d6 c6 20. Bxg4 Nxg4 21. Ne4 Bxd2 22. Nxd2 c5 23. Re7 Rxe7 24. dxe7 Re8 25. Re1 Bb7 26. f3 Nf6 27. Nf4 g5 28. Nh3 Nh5 29. g4 Ng7 30. f4 f6 31. Ne4 Bxe4 32. Rxe4 Kf7 33. fxg5 hxg5 34. Ke2 Rxe7 35. Ke3 Rxe4+ 36. Kxe4 Ke6 37. a3 a5 38. a4 Ne8 39. Ng1 Nd6+ 40. Ke3 f5 41. h3 Nf7 42. Nf3 f4+ 43. Ke4 Nd6+ 44. Kd3 Nf7 45. h4 gxh4 46. Nxh4 Ng5 47. Nf5 d5 48. Ng7+ Ke5 49. cxd5 Kxd5 50. Nf5 f3 51. Ne3+ Kc6 52. Nc4 f2 53. Ke2 Ne4 54. Ne5+ Kd6 55. Nd3 Ke6 56. Nxf2 Kd5 57. Nxe4 Kxe4 58. g5 Kf5 59. g6 Kxg6 60. Kd3 Kf6 61. Kc4 Ke6 62. Kb5 Kd6 63. Kxb6 Kd5 64. Kxa5 c4 65. bxc4+ Kc5 66. Ka6 Kc6 67. a5 Kc7 68. Kb5 Kb7 69. a6+ Ka7 70. c5 Kb8 71. Kc6 Ka8 72. Kd7 Kb8 73. c6 Ka7 74. c7 Kxa6 75. c8Q+ Kb5 76. Qc6+ Kb4 77. Kd6 Kb3 78. Kd5 Kb4 79. Qc4+ Ka3 80. Qb5 Ka2 81. Kc4 Ka1 82. Kc3 Ka2 83. Qb2# 1-0

[Event "Stuttgart-chB int"]
[Site "Ditzingen"]
[Date "2008.05.03"]
[Round "5"]
[White "Srokovskiy, Andrea"]
[Black "Parvin, Shahram"]
[Result "1-0"]
[WhiteElo "1604"]
[BlackElo "1467"]
[PlyCount "127"]
[EventDate "2008.05.01"]
[EventType "swiss"]
[EventRounds "7"]
[EventCountry "GER"]
[SourceTitle "EXT 2018"]
[Source "ChessBase"]
[SourceDate "2017.10.13"]
[SourceVersion "1"]
[SourceVersionDate "2017.10.13"]
[SourceQuality "1"]

1. e4 e5 2. Nf3 Nc6 3. Bc4 Nd4 4. 0-0 Nxf3+ 5. Qxf3 Nf6 6. Nc3 d6 7. h3 h5 8. d3 g6 9. Bg5 Bg7 10. Nd5 Qd7 11. Bxf6 0-0 12. Bxg7 Kxg7 13. Qf6+ Kh7 14. Qg5 Kg7 15. Nf6 Qd8 16. Nxh5+ Kh7 17. Qxd8 Rxd8 18. Ng3 Kg7 19. f4 f6 20. fxe5 dxe5 21. Rf3 c6 22. Raf1 Rf8 23. Ne2 a5 24. a3 b5 25. Ba2 b4 26. a4 Bd7 27. g4 c5 28. Bb3 Ra6 29. Bc4 Rb6 30. b3 Kh6 31. c3 Bc8 32. R1f2 Rd6 33. Rg2 Rh8 34. Rxf6 Rxf6 35. g5+ Kg7 36. gxf6+ Kxf6 37. Rf2+ Kg5 38. Rg2+ Kf6 39. cxb4 cxb4 40. Rh2 Rxh3 41. Rxh3 Bxh3 42. Kh2 Bg4 43. Ng1 Kg5 44. Kg3 Kh5 45. Nf3 Bxf3 46. Kxf3 Kh4 47. Kg2 Kg4 48. d4 exd4 49. e5 Kf5 50. e6 Kf6 51. Kf3 d3 52. Ke3 g5 53. Kxd3 g4 54. Ke4 Ke7 55. Kf4 Kf6 56. Kxg4 Ke7 57. Kf5 Kd8 58. Kf6 Kc7 59. e7 Kd7 60. Kf7 Kc7 61. e8Q Kb6 62. Qc8 Ka7 63. Qc7+ Ka8 64. Bd5# 1-0

[Event "Stuttgart-chB int"]
[Site "Ditzingen"]
[Date "2006.05.28"]
[Round "7"]
[White "Parvin, Shahram"]
[Black "Mayer, Kevin"]
[Result "0-1"]
[WhiteElo "1373"]
[BlackElo "1149"]
[PlyCount "92"]
[EventDate "2006.05.25"]
[EventType "swiss"]
[EventRounds "7"]
[EventCountry "GER"]
[SourceTitle "EXT 2018"]
[Source "ChessBase"]
[SourceDate "2017.10.13"]
[SourceVersion "1"]
[SourceVersionDate "2017.10.13"]
[SourceQuality "1"]

1. e4 e5 2. f4 Bc5 3. Nf3 d6 4. fxe5 dxe5 5. Bc4 Nf6 6. Nxe5 Qd4 7. Bxf7+ Kf8 8. Qf3 Qxe5 9. Bb3 Qxe4+ 10. Qxe4 Nxe4 11. Rf1+ Ke8 12. Bf7+ Ke7 13. Bd5 Nf6 14. Bf3 Re8 15. Nc3 Kf8+ 16. Ne2 Nc6 17. Bxc6 bxc6 18. h3 Ba6 19. d3 Be3 20. Bxe3 Rxe3 21. Rf2 Rb8 22. Kd2 Re6 23. b3 Kg8 24. c4 Rd8 25. Nc3 Ne4+ 26. Nxe4 Rxe4 27. Re2 Rxe2+ 28. Kxe2 Kf7 29. Rf1+ Ke6 30. b4 Kd6 31. Rf7 Rd7 32. c5+ Ke6 33. Rxd7 Kxd7 34. Ke3 Ke6 35. Ke4 Kf6 36. h4 g6 37. g4 h6 38. a3 Bc8 39. Kf4 g5+ 40. hxg5+ hxg5+ 41. Ke4 Bxg4 42. d4 Bf5+ 43. Ke3 Ke6 44. a4 a6 45. d5+ Kxd5 46. b5 cxb5 0-1

[Event "Stuttgart-chB int"]
[Site "Ditzingen"]
[Date "2006.05.26"]
[Round "3"]
[White "Parvin, Shahram"]
[Black "Auterhoff, Juergen"]
[Result "0-1"]
[WhiteElo "1373"]
[BlackElo "1674"]
[PlyCount "72"]
[EventDate "2006.05.25"]
[EventType "swiss"]
[EventRounds "7"]
[EventCountry "GER"]
[SourceTitle "EXT 2018"]
[Source "ChessBase"]
[SourceDate "2017.10.13"]
[SourceVersion "1"]
[SourceVersionDate "2017.10.13"]
[SourceQuality "1"]

1. d4 Nf6 2. c4 e6 3. Nc3 Bb4 4. Qc2 Bxc3+ 5. bxc3 d5 6. e3 0-0 7. Nf3 b6 8. cxd5 exd5 9. Bd3 h6 10. h4 c5 11. Ng5 Bb7 12. Bh7+ Kh8 13. Bg6 fxg6 14. Qxg6 Qe8 15. Qxe8 Rxe8 16. Nf7+ Kh7 17. Nd6 Re7 18. dxc5 bxc5 19. Rb1 Ba6 20. Ba3 Nbd7 21. c4 Bxc4 22. Nxc4 dxc4 23. 0-0 Ne4 24. Rfd1 Nc3 25. Rxd7 Rxd7 26. Rc1 Ne2+ 27. Kh2 Nxc1 28. Bxc1 Rb8 29. e4 c3 30. Be3 c2 31. e5 Rd1 32. f4 c1Q 33. Bxc1 Rxc1 34. e6 Re8 35. f5 Re1 36. g4 R8xe6 0-1